| 000 | 00887nam a2200241 i 4500 | ||
|---|---|---|---|
| 001 | bg | ||
| 100 | 1 | _aSAPIJASZKA, Zofia. | |
| 245 | 1 | 0 |
_aRestrukturyzacja przedsiębiorstwa : _bszanse i ograniczenia / _cZofia Sapijaszka ; Fundacja Edukacyjna Przedsiębiorczości. |
| 260 |
_aWarszawa : _bWydaw. Naukowe PWN, _c1996 _e(Łódź : _fDWN). |
||
| 300 |
_a302, [2] s. : _brys., wykr. ; _c21 cm. |
||
| 490 | 1 | _aPrzedsiębiorczość | |
| 504 | _aBibliogr. s. 299-[303]. | ||
| 650 | 9 |
_aPrzedsiębiorstwo _xorganizacja _xreforma _zPolska _yod 1989 r. |
|
| 830 | _aPrzedsiębiorczość | ||
| 020 | _a8301120827 | ||
| 040 | _cBPK | ||
| 041 | 0 | _apol | |
| 080 | _a658.1/.5::66/69(438)"1989/..." | ||
| 920 | _a83-01-12082-7 | ||
| 942 | _cKS | ||
| 008 | s pl f |000 0 pol | ||
| 856 |
_uhttp://koha.tu.koszalin.pl/cgi-bin/koha/opac-detail.pl?biblionumber=30951 _yKatalog online BPK |
||
| 999 |
_c30951 _d30951 |
||